1979 Convention on Long-range Transboundary Air Pollution and its protocols. (Record no. 3931)

MARC details
000 -LEADER
fixed length control field 01263cam a22003377a 4500
001 - CONTROL NUMBER
control field 124036
003 - CONTROL NUMBER IDENTIFIER
control field OSt
005 - DATE AND TIME OF LATEST TRANSACTION
control field 20230704160930.0
008 - FIXED-LENGTH DATA ELEMENTS--GENERAL INFORMATION
fixed length control field 970327s1996 nyu 000 0 eng d
010 ## - LIBRARY OF CONGRESS CONTROL NUMBER
LC control number 97133544
020 ## - INTERNATIONAL STANDARD BOOK NUMBER
International Standard Book Number 9211166578
035 ## - SYSTEM CONTROL NUMBER
System control number (NjP)notisCCK2330
035 ## - SYSTEM CONTROL NUMBER
System control number (CStRLIN)NJPG97-B1579
040 ## - CATALOGING SOURCE
Original cataloging agency NjP
Transcribing agency NjP
042 ## - AUTHENTICATION CODE
Authentication code lccopycat
082 ## - DEWEY DECIMAL CLASSIFICATION NUMBER
Classification number 363.7
Item number ECE
130 0# - MAIN ENTRY--UNIFORM TITLE
Uniform title Convention on Long-Range Transboundary Air Pollution
Date of treaty signing (1979).
Form subheading Protocols, etc.
245 10 - TITLE STATEMENT
Title 1979 Convention on Long-range Transboundary Air Pollution and its protocols.
246 3# - VARYING FORM OF TITLE
Title proper/short title Nineteen seventy nine Convention on Long-range Transboundary Air Pollution and its protocols
260 ## - PUBLICATION, DISTRIBUTION, ETC. (IMPRINT)
Place of publication, distribution, etc. New York :
Name of publisher, distributor, etc. United Nations,
Date of publication, distribution, etc. 1996.
300 ## - PHYSICAL DESCRIPTION
Extent v, 79 p. ;
Dimensions 30 cm.
500 ## - GENERAL NOTE
General note At head of title: Economic Commission for Europe.
500 ## - GENERAL NOTE
General note UN sales publication no. E.96.II.E.24.
650 #0 - SUBJECT ADDED ENTRY--TOPICAL TERM
Topical term or geographic name as entry element Air
General subdivision Pollution
-- Law and legislation.
650 #0 - SUBJECT ADDED ENTRY--TOPICAL TERM
Topical term or geographic name as entry element Transboundary pollution
General subdivision Law and legislation.
650 #0 - SUBJECT ADDED ENTRY--TOPICAL TERM
Topical term or geographic name as entry element Air quality management
General subdivision International cooperation.
710 2# - ADDED ENTRY--CORPORATE NAME
Corporate name or jurisdiction name as entry element United Nations.
Subordinate unit Economic Commission for Europe.
906 ## - LOCAL DATA ELEMENT F, LDF (RLIN)
a 7
b cbc
c copycat
d 3
e ncip
f 19
g y-gencatlg
942 ## - ADDED ENTRY ELEMENTS (KOHA)
Source of classification or shelving scheme Dewey Decimal Classification
Koha item type Books
Holdings
Withdrawn status Lost status Source of classification or shelving scheme Damaged status Not for loan Home library Current library Date acquired Total Checkouts Full call number Barcode Date last seen Price effective from Koha item type
    Dewey Decimal Classification     County Hall Archives County Hall Archives 07/04/2023   363.7 ECE 10011111 07/04/2023 07/04/2023 Books
LIBRARY OPENING HOURS

When the Parliament is sitting: 8.00a.m - 7.00p.m or until the house adjourns
Mondays and Fridays and when the House is on Recess:  8.00a.m - 5.00p.m
Closed on Weekends and Public Holidays

Online Public Access Catalog (OPAC)
Website: http://www.parliament.go.ke
Bunge Library: https://libraryir.parliament.go.ke
Contact: library@parliament.go.ke | Tel no: (254-2)2221291 or 2848000 Ext 5043